| 000 | 00546cam a2200217ua 4500 | ||
|---|---|---|---|
| 001 | 660 | ||
| 008 | 110412n ii |||gr||||Z||||||eng | ||
| 020 | _a81-200-0340-4 | ||
| 020 | _a81-200-0352-7 | ||
| 020 | _a81-200-0353-5 | ||
| 040 | _cMAIN | ||
| 082 | _a320.5 | ||
| 245 | 1 | 1 |
_aPolitical thought. : _bancient & medieval. / _cBy J C Johari. |
| 250 | _a5th. | ||
| 260 |
_aNew Delhi.: _bMetropolitan.,995. |
||
| 300 | _a355 p.:5 cm. | ||
| 653 | _aPolitical science. | ||
| 653 | _aPolitical thought. | ||
| 700 | 1 | _aJohari, J C., | |
| 942 | _cBK | ||
| 999 |
_c589 _d589 |
||